000 00603nam a22001817a 4500
999 _c6239
_d6239
003 AR-CdUCM
008 190314b ||||| |||| 00| 0 spa d
040 _aMUNICIPALIDAD PROVINCIAL DEL CUSCO
_cBIBLIOTECA MUNICIPAL DEL CUSCO
082 _a869.56 /
_bB369
100 _aMoreno Quiróz, Beatriz
_917972
245 _aCon tu voz /
260 _aLima :
_bIntegral,
_c1990.
300 _a71 páginas ;
_c21 cm.
505 _aContenido: Carta que no partió -- Por ayacucho -- Con mi voz -- Presencia -- Autoretrato -- Memoria ...
650 _aPoesía peruana
_9806
942 _2ddc
_cLIBROS
945 _aAndy